| 000 | 00662nam a22002177a 4500 | ||
|---|---|---|---|
| 003 | OSt | ||
| 005 | 20260119031550.0 | ||
| 008 | 260119b |||||||| |||| 00| 0 eng d | ||
| 020 | _a0-07-238825-0 | ||
| 040 |
_aDWC-Main lib _cOC |
||
| 082 |
_22nd edition _aCirc. 792 G679m 2001 |
||
| 100 | _aGoldfarb, A. | ||
| 245 |
_aThe McGraw-Hill theatergoer's guide _cGoldfarb, Alvin |
||
| 250 | _a2nd edition | ||
| 260 |
_aNew York : _bMcGraw-Hill, _cc2001 |
||
| 300 |
_a41 pages ; _c23 cm. |
||
| 650 | _2Theater. | ||
| 700 | _aWilson, Edwin | ||
| 710 | _aWalters, Scott | ||
| 942 |
_2ddc _cBK-CIRC _hCirc. 792 G679m 2001 _kCirc. _n0 |
||
| 999 |
_c7522 _d7522 |
||